[Event "Central America Carribean-ch U20"]
[Site "Pereira"]
[Date "2021.09.26"]
[Round "9"]
[White "Mora Munoz, Alejandro"]
[Black "Padilla Ordonez, Daniel Eduardo"]
[Result "1-0"]
[WhiteElo "1890"]
[BlackElo "1707"]
[PlyCount "55"]
[EventDate "2021.09.21"]
[EventType "swiss"]
[EventRounds "9"]
[EventCountry "COL"]
[SourceTitle "EXT 2023"]
[Source "ChessBase"]
[SourceDate "2022.10.05"]
[SourceVersion "1"]
[SourceVersionDate "2022.10.05"]
[SourceQuality "1"]

1. e4 e6 2. d4 d5 3. Nd2 c5 4. c3 cxd4 5. cxd4 dxe4 6. Nxe4 Nc6 7. Nf3 h6 8. Bd3 Bb4+ 9. Bd2 Bxd2+ 10. Qxd2 Nge7 11. 0-0 0-0 12. Rad1 f5 13. Nc5 Nxd4 14. Bc4 Nxf3+ 15. gxf3 Qb6 16. Qd6 Nc6 17. Bxe6+ Bxe6 18. Qxe6+ Rf7 19. Rd7 Nd8 20. Qd5 Kh7 21. Rd6 Qc7 22. Re1 Nc6 23. Nd7 Rd8 24. Rd1 Re7 25. Qxf5+ Kh8 26. Kh1 Ne5 27. Nf8 Rxd6 28. Qh7# 1-0

[Event "COL-ch U20"]
[Site "Duitama"]
[Date "2021.03.19"]
[Round "2"]
[White "Ortiz Lopera, Miguel Angel"]
[Black "Padilla Ordonez, Daniel Eduardo"]
[Result "1-0"]
[WhiteElo "1421"]
[BlackElo "1736"]
[PlyCount "79"]
[EventDate "2021.03.18"]
[EventType "swiss"]
[EventRounds "7"]
[EventCountry "COL"]
[SourceTitle "EXT 2022"]
[Source "ChessBase"]
[SourceDate "2021.10.06"]
[SourceVersion "1"]
[SourceVersionDate "2021.10.06"]
[SourceQuality "1"]

1. e4 e6 2. d4 d5 3. exd5 exd5 4. Bd3 Bd6 5. Nf3 h6 6. 0-0 Qf6 7. Re1+ Ne7 8. c3 Nbc6 9. b4 Bg4 10. Nbd2 0-0 11. Qb3 Rfe8 12. a4 Nd8 13. Ne5 Bxe5 14. dxe5 Qh4 15. Bb2 Ne6 16. g3 Qh5 17. f4 g5 18. f5 Bxf5 19. Bxf5 Nxf5 20. Qxd5 Rad8 21. Qg2 Nh4 22. gxh4 Nf4 23. Ne4 Nxg2 24. Nf6+ Kf8 25. Nxh5 Nxe1 26. Rxe1 gxh4 27. Bc1 Rd6 28. Kf2 Rg6 29. b5 Rd8 30. Nf4 Rg4 31. Kf3 Rg5 32. e6 Re8 33. Nd3 Rd5 34. Bxh6+ Kg8 35. Nf4 Rf5 36. Kg4 fxe6 37. Bg5 Kf7 38. Rd1 Rg8 39. Rd7+ Ke8 40. Re7+ 1-0

[Event "COL-ch U10"]
[Site "Bogota"]
[Date "2011.05.31"]
[Round "1.1"]
[White "Acosta Cubides, Jorian Jared"]
[Black "Padilla Ordonez, Daniel Eduardo"]
[Result "1-0"]
[WhiteElo "2012"]
[BlackElo "1892"]
[PlyCount "49"]
[EventDate "2011.05.31"]
[EventType "tourn"]
[EventRounds "9"]
[EventCountry "COL"]
[SourceTitle "EXT 2024"]
[Source "ChessBase"]
[SourceDate "2023.10.10"]
[SourceVersion "1"]
[SourceVersionDate "2023.10.10"]
[SourceQuality "1"]

1. e4 e5 2. Nf3 Nc6 3. Bb5 a6 4. Ba4 Nf6 5. Qe2 d6 6. c3 Bg4 7. 0-0 b5 8. Bc2 Be7 9. h3 Bh5 10. Rd1 Qb8 11. d3 b4 12. Ba4 Qb6 13. Be3 Qb7 14. cxb4 0-0 15. a3 d5 16. Rc1 Na7 17. Bxa7 Qxa7 18. Bc6 Rad8 19. exd5 Bxf3 20. Qxf3 Qd4 21. Nc3 Rd6 22. Rab1 Rfd8 23. Ne4 Nxe4 24. Qxe4 Qxe4 25. dxe4 1-0